00472 2200169 4500001002100000005001500021035002000036007000300056008003900059082000700098084001300105100002000118245009500138260004600233650000800279990001500287INLIS00000000000988120260413010132 a0010-0426000195ta260413 | | |  a11 a11 DEN i0 aDENNY KURNIAWAN1 aIMPLEMENTASI NILAI-NILAI ASN BERAKHLAK DI PEMERINTAH KABUPATEN KATINGAN /cDENNY KURNIAWAN aPALANGKA RAYA :bPERPUSTAKAAN UMPR,c2026 4aASN a2311229058